C. W. THOMPSON, Explorations stendhaliennes. D’Armance à la « Fraternité des arts ». Paris, Hermann, 2013. Un vol. de 484 p. (notice n° 1655412)
[ vue normale ]
| 000 -LEADER | |
|---|---|
| fixed length control field | 00602cam a2200145 4500500 |
| 005 - DATE AND TIME OF LATEST TRANSACTION | |
| control field | 20260208010153.0 |
| 041 ## - LANGUAGE CODE | |
| Language code of text/sound track or separate title | fre |
| 042 ## - AUTHENTICATION CODE | |
| Authentication code | dc |
| 100 10 - MAIN ENTRY--PERSONAL NAME | |
| Personal name | Rey, Pierre-Louis |
| Relator term | author |
| 245 00 - TITLE STATEMENT | |
| Title | C. W. THOMPSON, Explorations stendhaliennes. D’Armance à la « Fraternité des arts ». Paris, Hermann, 2013. Un vol. de 484 p. |
| 260 ## - PUBLICATION, DISTRIBUTION, ETC. | |
| Date of publication, distribution, etc. | 2014.<br/> |
| 500 ## - GENERAL NOTE | |
| General note | 55 |
| 786 0# - DATA SOURCE ENTRY | |
| Note | Revue d'histoire littéraire de la France | 114 | 3 | 2014-07-22 | p. 729k-749k | 0035-2411 |
| 856 41 - ELECTRONIC LOCATION AND ACCESS | |
| Uniform Resource Identifier | <a href="https://shs.cairn.info/revue-d-histoire-litteraire-de-la-france-2014-3-page-729k?lang=fr&redirect-ssocas=7080">https://shs.cairn.info/revue-d-histoire-litteraire-de-la-france-2014-3-page-729k?lang=fr&redirect-ssocas=7080</a> |
Pas d'exemplaire disponible.




Réseaux sociaux